| 000 | 00609nam a2200217 a 4500 | ||
|---|---|---|---|
| 001 | 6031 | ||
| 003 | BD-RjUL | ||
| 005 | 20211208234154.0 | ||
| 008 | 140108s1963 nyua 001 0 eng d | ||
| 035 | _a(BD-RjUL)6070 | ||
| 040 |
_aDLC _cOBgU _d(BD-RjUL) _beng |
||
| 041 | _aeng | ||
| 082 | 0 | 0 |
_a004.19 _bASI 1963 _223 |
| 100 | 1 |
_aAshley, J. Robert _918962 |
|
| 245 | 1 | 0 |
_aIntroduction to analog computation / _cAshley, J. Robert |
| 260 |
_aNew York : _bWiley. _cc1963. |
||
| 300 |
_axi, 294 p. : _bill. ; _c24 cm. |
||
| 500 | _aIncludes Index | ||
| 650 | 0 |
_aHybrid and analog computers. _918963 |
|
| 942 |
_2ddc _cBK |
||
| 999 |
_c6031 _d6031 |
||